Taxation of Individuals and Business Entities (Record no. 621406)

MARC details
000 -LEADER
fixed length control field 00627nam a22002057a 4500
008 - FIXED-LENGTH DATA ELEMENTS--GENERAL INFORMATION
fixed length control field 260428b |||||||| |||| 00| 0 eng d
020 ## - INTERNATIONAL STANDARD BOOK NUMBER
ISBN 9780073526966
Paper back/Hardbound hbk
041 ## - LANGUAGE CODE
Language code of text/sound track or separate title eng
082 ## - DEWEY DECIMAL CLASSIFICATION NUMBER
Classification number 343.73052 SPI
100 ## - MAIN ENTRY--AUTHOR NAME
Personal name Spilker, Brian C.
245 ## - TITLE STATEMENT
Title Taxation of Individuals and Business Entities
Statement of responsibility, etc /Brian c. Spilker :
250 ## - EDITION STATEMENT
Edition statement 2010 ed.
260 ## - PUBLICATION, DISTRIBUTION, ETC. (IMPRINT)
Place of publication USA
Name of publisher McGraw -Hill/Irwin
Year of publication 2010
300 ## - PHYSICAL DESCRIPTION
Number of Pages xxxi, 1000p. :
Dimensions 28cm.
500 ## - GENERAL NOTE
General note Includes the American recovery and Reinvestment Act of 2009
504 ## - BIBLIOGRAPHY, ETC. NOTE
Bibliography, etc Includes index
650 ## - SUBJECT ADDED ENTRY--TOPICAL TERM
Topical Term Military, tax, trade & industrial law
942 ## - ADDED ENTRY ELEMENTS (KOHA)
Koha item type English Books
Holdings
Withdrawn status Lost status Damaged status Not for loan Home library Current library Shelving location Date acquired Full call number Accession Number Price effective from Koha item type
        Anna Centenary Library Anna Centenary Library 4TH FLOOR, A WING 31.01.2011 343.73052 SPI 487629 28.04.2026 English Books

Find us on the map